Statistiques concernant Musique par lettre - A

Cliquez ici pour prendre le quiz!

Statistiques générales

  • Ce quiz a été pris 5 843 fois
    (559 depuis la dernière actualisation)
  • Le résultat moyen est 10 sur 16

Statistiques - réponses

QuestionsRéponses% Correct
Chanteuse anglaise à l'origine de la chanson phare du film Skyfall (2012)Adèle
90%
Chanteuse belge blonde dont le premier album sorti en 2018 s'appelle BrolAngèle
90%
Terme qualifiant un chant sans accompagnement musicalA cappella
88%
Titre de la première chanson de Stromae à avoir connu un grand succèsAlors on danse
83%
Le prénom crié par Christophe dans sa célèbre chansonAline
81%
Groupe suédois vainqueur de l'Eurovision en 1974ABBA
77%
Titre d'une chanson de Claude François faisant référence à ses originesAlexandrie Alexandra
69%
Chanteur franco-arménien aux 70 ans de carrièreCharles Aznavour
69%
DJ suédois de son vrai nom Tim BerglingAvicii
68%
Groupe de hard rock formé par Angus et Malcolm YoungAC/DC
66%
Instrument principal lors d'un bal musetteAccordéon
64%
Titre d'une chanson de John Legend sortie en 2014 dédicacée à sa femmeAll of me
50%
Titre du deuxième succès des Jackson FiveABC
42%
Chanteur surnommé Mr. Lonely d'après sa chanson du même nomAkon
39%
Titre du single a succès d'Estelle en duo avec Kanye WestAmerican Boy
39%
Hit de l'été 2011, traduit littéralement par "ah si je t'attrape"Ai Se Eu Te Pego
22%

Distribution des résultats

Percentile par nombre de réponses

% des personnes avec chaque résultat

Votre développement - résultats

Vous n’avez pas pris ce quiz depuis la dernière actualisation